[Event "Oberliga NRW 1314"]
[Site "Germany"]
[Date "2014.03.09"]
[Round "7.7"]
[White "Blasek, Ralph"]
[Black "Eggenstein, Frank"]
[Result "1-0"]
[WhiteElo "2138"]
[BlackElo "1921"]
[PlyCount "113"]
[EventDate "2013.09.15"]
[EventType "team-tourn"]
[EventRounds "9"]
[EventCountry "GER"]
[SourceTitle "EXT 2015"]
[Source "ChessBase"]
[SourceDate "2014.11.20"]
[SourceVersion "1"]
[SourceVersionDate "2014.11.20"]
[SourceQuality "1"]
[WhiteTeam "Solingen II"]
[BlackTeam "Erkenschwick"]
[WhiteTeamCountry "GER"]
[BlackTeamCountry "GER"]

1. e4 e6 2. d4 d5 3. e5 c5 4. c3 Nc6 5. Nf3 Bd7 6. a3 f6 7. b4 cxd4 8. cxd4 Rc8 9. Bb2 Nh6 10. Bd3 Nf7 11. Nbd2 Be7 12. exf6 Bxf6 13. 0-0 0-0 14. Rc1 e5 15. dxe5 Ncxe5 16. Nxe5 Rxc1 17. Bxh7+ Kxh7 18. Qh5+ Nh6 19. Rxc1 Be8 20. Qd1 Qd6 21. Ndf3 Bh5 22. Qd3+ Kg8 23. Bd4 Re8 24. Re1 b6 25. h3 Bxf3 26. Nxf3 Rxe1+ 27. Nxe1 Qe6 28. Nf3 Nf5 29. Bxf6 gxf6 30. b5 Kg7 31. a4 Nd6 32. Qc3 Nc4 33. Nd4 Qe5 34. f4 Qe4 35. Qg3+ Kf7 36. Nc6 d4 37. f5 Ne5 38. Qb3+ Kg7 39. Ne7 Nf7 40. Qg3+ Kf8 41. Ng6+ Kg7 42. Ne5+ Kf8 43. Nxf7 Kxf7 44. Qg6+ Ke7 45. Qg7+ Ke8 46. Qg8+ Ke7 47. Qe6+ Qxe6 48. fxe6 Kxe6 49. Kf2 Ke5 50. g3 Ke4 51. Ke2 d3+ 52. Kd2 f5 53. h4 f4 54. gxf4 Kxf4 55. Kxd3 Kg4 56. Kd4 Kxh4 57. Kd5 1-0

[Event "NRW Class2 1314"]
[Site "Germany"]
[Date "2013.10.06"]
[Round "2.5"]
[White "Bykovskij, Sergej"]
[Black "Blasek, Ralph"]
[Result "1/2-1/2"]
[WhiteElo "2023"]
[BlackElo "2138"]
[PlyCount "119"]
[EventDate "2013.09.15"]
[EventType "team-tourn"]
[EventRounds "9"]
[EventCountry "GER"]
[SourceTitle "EXT 2015"]
[Source "ChessBase"]
[SourceDate "2014.11.20"]
[SourceVersion "1"]
[SourceVersionDate "2014.11.20"]
[SourceQuality "1"]
[WhiteTeam "Herford"]
[BlackTeam "Solingen III"]
[WhiteTeamCountry "GER"]
[BlackTeamCountry "GER"]

1. d4 d5 2. Nf3 Bf5 3. Bf4 e6 4. e3 Bd6 5. Bg3 Nf6 6. Bd3 Nc6 7. 0-0 Qd7 8. a3 Bxg3 9. hxg3 Bg4 10. Nbd2 a6 11. c4 dxc4 12. Nxc4 Qd5 13. Qb3 0-0-0 14. Rac1 Kb8 15. Qc3 Bxf3 16. gxf3 Rd7 17. Be2 Qh5 18. Rfd1 Rhd8 19. Kg2 g5 20. Rh1 Qg6 21. Bd3 Qg7 22. Be2 h5 23. Na5 Nxa5 24. Qxa5 g4 25. fxg4 hxg4 26. Bxa6 Qg6 27. Bb5 Qf5 28. Qa4 Ne4 29. Qc2 Qf3+ 30. Kg1 Nxg3 31. Rh2 c6 32. Bd3 e5 33. fxg3 Qxe3+ 34. Rf2 Rxd4 35. Bf1 Rd2 36. Qc5 R8d4 37. Qf8+ Ka7 38. Qc5+ Kb8 39. Qf8+ Rd8 40. Qc5 Qxg3+ 41. Rg2 Qf4 42. Re1 R8d5 43. Qe3 f6 44. Qxf4 exf4 45. Rxd2 Rxd2 46. Re2 Rd1 47. Rf2 Rd4 48. Rc2 Kc7 49. Rc4 Rd2 50. b4 Ra2 51. Rxf4 Rxa3 52. Rxf6 Rf3 53. Rg6 Rf4 54. b5 Kb6 55. bxc6 bxc6 56. Be2 Kc5 57. Bxg4 Kb4 58. Kg2 c5 59. Kg3 Rf8 60. Be2 1/2-1/2

[Event "NRW Class2 0910"]
[Site "Germany"]
[Date "2010.04.25"]
[Round "9.4"]
[White "Blasek, Ralph"]
[Black "Wantiez, Fabrice"]
[Result "0-1"]
[WhiteElo "2274"]
[BlackElo "2325"]
[PlyCount "102"]
[EventDate "2009.09.20"]
[EventType "team-tourn"]
[EventRounds "9"]
[EventCountry "GER"]
[SourceTitle "EXT 2011"]
[Source "ChessBase"]
[SourceDate "2010.11.26"]
[SourceVersion "1"]
[SourceVersionDate "2010.11.26"]
[SourceQuality "1"]
[WhiteTeam "Solingen SG III"]
[BlackTeam "Aachen Aufwaerts"]
[WhiteTeamCountry "GER"]
[BlackTeamCountry "GER"]

1. e4 e5 2. Ne2 Nf6 3. Nbc3 Bc5 4. d4 exd4 5. Nxd4 0-0 6. Bg5 Re8 7. Be2 h6 8. Bh4 g5 9. Bg3 Nxe4 10. Nxe4 Rxe4 11. Nb3 Bf8 12. Nd2 Re8 13. h4 Nc6 14. Kf1 d5 15. hxg5 Qxg5 16. Rh5 Qf6 17. Rxd5 Be6 18. Rd3 Bf5 19. Rf3 Nd4 20. Bc4 Nxf3 21. Qxf3 Rad8 22. Nb3 c6 23. Kg1 Qg6 24. c3 Be4 25. Qf4 Bd6 26. Qh4 Bxg3 27. fxg3 Bd5 28. Rf1 Qg5 29. Bxd5 Qe3+ 30. Kh2 Rxd5 31. Nd4 Qg5 32. Kh3 Qxh4+ 33. Kxh4 Re4+ 34. g4 Rg5 35. Nf5 Rexg4+ 36. Kh3 Kh7 37. g3 Re4 38. Rf3 Rh5+ 39. Nh4 Kg7 40. Rf2 f5 41. Rd2 Re7 42. Rd6 Rf7 43. c4 f4 44. g4 Rxh4+ 45. Kxh4 f3 46. Rd1 f2 47. Rf1 Kg6 48. b3 Rf3 49. b4 Kf6 50. a4 Kg6 51. a5 a6 0-1

[Event "NRW Class2 0910"]
[Site "Germany"]
[Date "2010.02.21"]
[Round "7.6"]
[White "Blasek, Ralph"]
[Black "Hachijan, Armen"]
[Result "1-0"]
[WhiteElo "2274"]
[BlackElo "2126"]
[PlyCount "47"]
[EventDate "2009.09.20"]
[EventType "team-tourn"]
[EventRounds "9"]
[EventCountry "GER"]
[SourceTitle "EXT 2011"]
[Source "ChessBase"]
[SourceDate "2010.11.26"]
[SourceVersion "1"]
[SourceVersionDate "2010.11.26"]
[SourceQuality "1"]
[WhiteTeam "Solingen SG III"]
[BlackTeam "Emsdetten Turm II"]
[WhiteTeamCountry "GER"]
[BlackTeamCountry "GER"]

1. e4 c5 2. Nf3 d6 3. c3 Nf6 4. h3 Nc6 5. Bd3 d5 6. exd5 Qxd5 7. Qe2 Bf5 8. Bc4 Qd7 9. 0-0 0-0-0 10. d4 e6 11. Bb5 Qd5 12. Be3 Ne4 13. Rd1 cxd4 14. cxd4 g5 15. Bxc6 bxc6 16. Qa6+ Kb8 17. Ne5 Qxe5 18. dxe5 Rxd1+ 19. Kh2 Bc5 20. Nc3 Rxa1 21. Nxe4 Rxa2 22. Qxa2 Bxe3 23. Nd6 Bxf2 24. Qa6 1-0

[Event "NRW Class2 0910"]
[Site "Germany"]
[Date "2009.09.21"]
[Round "1.7"]
[White "Blasek, Ralph"]
[Black "Van Zutphen, Jimmy"]
[Result "0-1"]
[WhiteElo "2274"]
[BlackElo "2194"]
[PlyCount "160"]
[EventDate "2009.09.20"]
[EventType "team-tourn"]
[EventRounds "9"]
[EventCountry "GER"]
[SourceTitle "EXT 2011"]
[Source "ChessBase"]
[SourceDate "2010.11.26"]
[SourceVersion "1"]
[SourceVersionDate "2010.11.26"]
[SourceQuality "1"]
[WhiteTeam "Solingen SG III"]
[BlackTeam "Erkenschwick"]
[WhiteTeamCountry "GER"]
[BlackTeamCountry "GER"]

1. e4 c5 2. Nf3 Nc6 3. c3 d6 4. h3 Nf6 5. Bd3 g6 6. 0-0 Bg7 7. Bc2 0-0 8. d4 Qc7 9. Re1 e5 10. d5 Nb8 11. c4 Nbd7 12. Nc3 a6 13. Bd3 Rb8 14. Bf1 Qd8 15. a4 h6 16. g3 Qe7 17. Ra3 Ne8 18. Nh4 Nc7 19. Qc2 a5 20. Nd1 Na6 21. Ne3 Nb4 22. Qe2 Nf6 23. Bg2 Nh7 24. Kh2 Bd7 25. Ng4 h5 26. Ne3 Bf6 27. Nf3 Ng5 28. Nd2 Nh7 29. h4 Bg7 30. Ndf1 Qe8 31. Bf3 b6 32. Qd1 Qc8 33. Rc3 Na2 34. Ra3 Nb4 35. Bd2 Qe8 36. Bc3 Rb7 37. Ng2 Bc8 38. Nfe3 Bh6 39. Bd2 Bg7 40. Rc3 Na2 41. Rd3 Nb4 42. Ra3 Nf6 43. Ra1 Ra7 44. Rf1 Qd7 45. Bc3 Qe7 46. Kg1 Bh6 47. Qe2 Bh3 48. Nc2 Bd7 49. b3 Ng4 50. Na3 Nf6 51. Ne3 Ne8 52. Bg2 Bg7 53. Nb5 Ra8 54. Rad1 Bh6 55. Bd2 Bg7 56. Bc1 Nf6 57. Rfe1 Ng4 58. Nf1 Bh6 59. Bb2 Rae8 60. f3 Nf6 61. Bc1 Bxc1 62. Rxc1 Kg7 63. Ne3 Nh7 64. Nc2 Nxc2 65. Qxc2 Bxb5 66. axb5 f5 67. exf5 gxf5 68. Bh3 Qf6 69. Kh2 f4 70. Rg1 Kh8 71. Be6 Re7 72. Qe4 Rg7 73. Kh3 Qh6 74. Rc2 fxg3 75. Rxg3 Rxg3+ 76. Kxg3 Rf4 77. Qe2 Qf6 78. Kg2 Rxh4 79. Kg1 Ng5 80. Qf2 Nxf3+ 0-1

[Event "NRW Class2 0809"]
[Site "Germany"]
[Date "2008.11.09"]
[Round "3.5"]
[White "Blasek, Ralph"]
[Black "Liley, Uwe"]
[Result "1-0"]
[WhiteElo "2300"]
[BlackElo "1965"]
[PlyCount "53"]
[EventDate "2008.09.21"]
[EventType "tourn"]
[EventRounds "9"]
[EventCountry "GER"]
[SourceTitle "EXT 2010"]
[Source "ChessBase"]
[SourceDate "2010.11.25"]
[SourceVersion "1"]
[SourceVersionDate "2010.11.25"]
[SourceQuality "1"]
[WhiteTeam "Solingen III"]
[BlackTeam "Hagen"]
[WhiteTeamCountry "GER"]
[BlackTeamCountry "GER"]

1. e4 e5 2. Nf3 Nc6 3. c3 Nf6 4. d4 d6 5. h3 Be7 6. Bd3 0-0 7. 0-0 Bd7 8. Re1 Qc8 9. Nbd2 a6 10. Nf1 Kh8 11. Ng3 Ng8 12. a3 Bf6 13. Bc2 Nce7 14. Ng5 Bxg5 15. Bxg5 Ng6 16. Nf5 f6 17. Be3 N6e7 18. Ng3 g6 19. f4 d5 20. dxe5 fxe5 21. fxe5 Bxh3 22. exd5 Qg4 23. Qxg4 Bxg4 24. c4 Nf5 25. Bf2 Nge7 26. Ne4 Ng7 27. Bc5 1-0

[Event "Oberliga NRW 0304"]
[Site "Germany"]
[Date "2003.10.12"]
[Round "2.8"]
[White "Blasek, Ralph"]
[Black "Esser, Franz Josef"]
[Result "0-1"]
[WhiteElo "2290"]
[BlackElo "2092"]
[PlyCount "104"]
[EventDate "2003.09.28"]
[EventType "team-tourn"]
[EventRounds "9"]
[EventCountry "GER"]
[SourceTitle "CBM 098 Extra"]
[Source "ChessBase"]
[SourceDate "2004.03.10"]
[SourceVersion "2"]
[SourceVersionDate "2004.03.10"]
[SourceQuality "1"]
[WhiteTeam "Solingen II"]
[BlackTeam "Aachen"]
[WhiteTeamCountry "GER"]
[BlackTeamCountry "GER"]

1. e4 c5 2. c3 d5 3. e5 Nc6 4. f4 Bf5 5. d3 e6 6. Be2 f6 7. Nf3 Qc7 8. 0-0 0-0-0 9. Na3 a6 10. b4 cxb4 11. cxb4 Bxb4 12. Bb2 fxe5 13. Nxe5 Nxe5 14. Bxe5 Qb6+ 15. Kh1 Bxa3 16. Qa4 Qc5 17. Rab1 Ne7 18. Rb3 Nc6 19. Rc3 Qb6 20. Qxa3 Rd7 21. Rfc1 Kd8 22. d4 Ke8 23. Rb3 Qa5 24. Qb2 Nxe5 25. fxe5 b5 26. Rbc3 Ke7 27. Ra3 Qb6 28. Qb4+ Kf7 29. Rf3 h5 30. Rfc3 g6 31. Rc6 Qb7 32. Qd2 Kg7 33. Qg5 Rf7 34. a4 Bg4 35. Bxg4 Qxc6 36. Qf6+ Rxf6 37. exf6+ Kxf6 38. Rxc6 hxg4 39. axb5 axb5 40. Rb6 Rc8 41. Kg1 Rc4 42. Rxb5 Rxd4 43. Rb2 Rf4 44. Re2 d4 45. g3 d3 46. Rd2 Rf3 47. Kg2 e5 48. h3 Kf5 49. Ra2 Re3 50. Kf2 Rf3+ 51. Kg2 Ke4 52. hxg4 g5 0-1

[Event "Oberliga NRW 0203 II"]
[Site "Germany"]
[Date "2003.05.04"]
[Round "9.7"]
[White "Partenheimer, Axel"]
[Black "Blasek, Ralph"]
[Result "1/2-1/2"]
[WhiteElo "2208"]
[BlackElo "2299"]
[PlyCount "90"]
[EventDate "2002.10.06"]
[EventType "team-tourn"]
[EventRounds "9"]
[EventCountry "GER"]
[SourceTitle "EXT 2004"]
[Source "ChessBase"]
[SourceDate "2003.11.25"]
[SourceVersion "1"]
[SourceVersionDate "2003.11.25"]
[SourceQuality "1"]
[WhiteTeam "Gelsenkirchen"]
[BlackTeam "Solingen II"]
[WhiteTeamCountry "GER"]
[BlackTeamCountry "GER"]

1. Nf3 Nf6 2. g3 b5 3. Bg2 Bb7 4. 0-0 e6 5. d3 Be7 6. e4 0-0 7. a4 bxa4 8. Rxa4 c5 9. Nc3 d6 10. e5 Nd5 11. exd6 Qxd6 12. Nxd5 exd5 13. Bf4 Qb6 14. b3 Re8 15. Ne5 Qe6 16. Re1 Bf6 17. d4 cxd4 18. Nf3 Qc8 19. Rxe8+ Qxe8 20. Nxd4 Na6 21. Nf5 Nc5 22. Nd6 Qc6 23. Rc4 Be7 24. Nxb7 Qxb7 25. Bxd5 Rd8 26. Rd4 Qc8 27. Be3 Nd7 28. Bg2 Nb6 29. Rxd8+ Bxd8 30. c4 Be7 31. Qf3 h6 32. h4 Bc5 33. Qc6 Bxe3 34. Qxc8+ Nxc8 35. fxe3 Kf8 36. Kf2 Ke7 37. Ke2 Kd6 38. Kd3 Kc5 39. Bd5 Nd6 40. g4 a5 41. g5 hxg5 42. hxg5 f6 43. gxf6 gxf6 44. e4 Nc8 45. Ke3 Ne7 1/2-1/2

[Event "Oberliga NRW 0203 II"]
[Site "Germany"]
[Date "2003.04.06"]
[Round "8.6"]
[White "Krallmann, Matthias"]
[Black "Blasek, Ralph"]
[Result "1-0"]
[WhiteElo "2287"]
[BlackElo "2299"]
[PlyCount "93"]
[EventDate "2002.10.06"]
[EventType "team-tourn"]
[EventRounds "9"]
[EventCountry "GER"]
[SourceTitle "EXT 2004"]
[Source "ChessBase"]
[SourceDate "2003.11.25"]
[SourceVersion "1"]
[SourceVersionDate "2003.11.25"]
[SourceQuality "1"]
[WhiteTeam "Lippstadt Turm"]
[BlackTeam "Solingen II"]
[WhiteTeamCountry "GER"]
[BlackTeamCountry "GER"]

1. d4 d5 2. c4 Bf5 3. Nf3 e6 4. Qb3 Nc6 5. c5 Rb8 6. Nc3 h6 7. Qa4 f6 8. b4 a6 9. e3 Nge7 10. Be2 g5 11. 0-0 Bg7 12. Bb2 0-0 13. Qb3 b6 14. cxb6 Rxb6 15. a3 Qe8 16. Na4 Na5 17. Qd1 Rc6 18. Nc5 Nc4 19. Bc3 Nd6 20. Qb3 Ne4 21. Ra2 Kh8 22. Rc1 Ng6 23. Nxa6 Rxa6 24. Bxa6 g4 25. Nd2 Nh4 26. Bd3 Rg8 27. Bxe4 dxe4 28. Nf1 h5 29. b5 Qg6 30. Ba5 Nf3+ 31. Kh1 h4 32. Bxc7 e5 33. dxe5 fxe5 34. Rc6 Qh5 35. b6 g3 36. b7 h3 37. fxg3 hxg2+ 38. Rxg2 Bh3 39. Qxg8+ Kxg8 40. b8Q+ Kh7 41. Qb2 Ne1 42. Rf2 Nd3 43. Qd2 Qe8 44. Rc4 Qe6 45. Rc3 Qd5 46. Kg1 Kg8 47. Qa2 1-0

[Event "Oberliga NRW 0203 II"]
[Site "Germany"]
[Date "2003.01.05"]
[Round "4.7"]
[White "Rottstaedt, Werner"]
[Black "Blasek, Ralph"]
[Result "1-0"]
[WhiteElo "2260"]
[BlackElo "2299"]
[PlyCount "85"]
[EventDate "2002.10.06"]
[EventType "team-tourn"]
[EventRounds "9"]
[EventCountry "GER"]
[SourceTitle "EXT 2004"]
[Source "ChessBase"]
[SourceDate "2003.11.25"]
[SourceVersion "1"]
[SourceVersionDate "2003.11.25"]
[SourceQuality "1"]
[WhiteTeam "Katernberg II"]
[BlackTeam "Solingen II"]
[WhiteTeamCountry "GER"]
[BlackTeamCountry "GER"]

1. d4 Nf6 2. Nf3 b5 3. Bf4 Bb7 4. e3 a6 5. Nbd2 d6 6. h3 Nbd7 7. Be2 c5 8. 0-0 Qc7 9. a4 e5 10. dxe5 dxe5 11. Bh2 Qc6 12. axb5 axb5 13. Nb3 Rd8 14. Na5 Qb6 15. Nxb7 Qxb7 16. Ra5 c4 17. Qa1 Bb4 18. Ra7 Qe4 19. c3 Bc5 20. Ra5 Rb8 21. Qb1 Qd5 22. Rd1 Qe6 23. b4 cxb3 24. Ng5 Qb6 25. Rxb5 Qa7 26. Qxb3 0-0 27. c4 Rbc8 28. Nf3 e4 29. Ne5 Nb6 30. Bf4 Rfe8 31. Ng4 Nxg4 32. Bxg4 Rcd8 33. Rxc5 Rxd1+ 34. Bxd1 Nd7 35. Rc7 Qb8 36. Rxd7 Qc8 37. Rc7 Qe6 38. Bg5 h6 39. Bf4 g5 40. Bg3 Kg7 41. c5 Qf6 42. Rxf7+ Kg6 43. Rxf6+ 1-0

[Event "Oberliga NRW 0102 I"]
[Site "Germany"]
[Date "2001.12.09"]
[Round "4.8"]
[White "Grobe, Detlef"]
[Black "Blasek, Ralph"]
[Result "0-1"]
[WhiteElo "2029"]
[BlackElo "2299"]
[PlyCount "75"]
[EventDate "2001.10.??"]
[EventType "team-tourn"]
[EventRounds "9"]
[EventCountry "GER"]
[SourceTitle "EXT 2004"]
[Source "ChessBase"]
[SourceDate "2003.11.25"]
[SourceVersion "1"]
[SourceVersionDate "2003.11.25"]
[SourceQuality "1"]
[WhiteTeam "Herford"]
[BlackTeam "Solingen II"]
[WhiteTeamCountry "GER"]
[BlackTeamCountry "GER"]

1. Nf3 Nf6 2. c4 c6 3. d4 d5 4. Ne5 Nbd7 5. Nxd7 Bxd7 6. Qb3 b5 7. cxd5 cxd5 8. Bg5 Qa5+ 9. Bd2 Qb6 10. e3 e6 11. Nc3 Rb8 12. Rc1 a5 13. Bd3 a4 14. Qd1 Bd6 15. 0-0 0-0 16. a3 e5 17. dxe5 Bxe5 18. Nxd5 Nxd5 19. Qh5 Bxh2+ 20. Qxh2 h6 21. Qe5 Be6 22. e4 Nf6 23. Bxh6 Bc4 24. Bxc4 bxc4 25. Be3 Qc6 26. f3 Rb3 27. Bd4 Re8 28. Qg5 Re6 29. Rfd1 Ne8 30. Qd5 Qc7 31. e5 Rc6 32. Bc3 Rb8 33. Qd7 Qb6+ 34. Bd4 Qa6 35. Rd2 Nc7 36. Be3 Ne6 37. Qa7 Qb5 38. f4 0-1

[Event "Oberliga NRW 0001 II"]
[Site "NRW"]
[Date "2000.12.17"]
[Round "4.7"]
[White "Blasek, Ralph"]
[Black "Weber, Franz Josef"]
[Result "1-0"]
[WhiteElo "2296"]
[BlackElo "2177"]
[PlyCount "137"]
[EventDate "2000.09.24"]
[EventType "team-tourn"]
[EventRounds "9"]
[EventCountry "GER"]
[SourceTitle "EXT 2006"]
[Source "ChessBase"]
[SourceDate "2005.11.24"]
[SourceVersion "1"]
[SourceVersionDate "2005.11.24"]
[SourceQuality "1"]
[WhiteTeam "Solingen II"]
[BlackTeam "Monheim"]
[WhiteTeamCountry "GER"]
[BlackTeamCountry "GER"]

1. e4 g6 2. d4 Bg7 3. h4 d5 4. exd5 Qxd5 5. Be3 c5 6. Nc3 Qd8 7. dxc5 Bxc3+ 8. bxc3 Qc7 9. h5 gxh5 10. Rxh5 Nf6 11. Rg5 h6 12. Rg7 Be6 13. Nf3 Nc6 14. Bd3 Kf8 15. Rg3 Nh5 16. Nd4 Nxg3 17. Nxe6+ fxe6 18. Qf3+ Nf5 19. Bxf5 Ne5 20. Qh5 exf5 21. Bxh6+ Rxh6 22. Qxh6+ Kf7 23. Qh7+ Kf6 24. Qh4+ Kg6 25. 0-0-0 Rg8 26. f4 Ng4 27. Qg5+ Kf7 28. Qxf5+ Nf6 29. Rd2 Rg4 30. Rf2 e6 31. Qe5 Qc6 32. f5 exf5 33. Qxf5 Kg7 34. Qe5 Rxg2 35. Qe7+ Kg6 36. Rxf6+ Qxf6 37. Qe4+ Kh5 38. Qxg2 Qxc3 39. Qe2+ Kh4 40. Qe4+ Kh5 41. Qd5+ Kh4 42. Kd1 Kg4 43. Qe4+ Kg5 44. Qd5+ Kg4 45. Kc1 Kh4 46. Qxb7 Qxc5 47. Qe4+ Kg5 48. a4 Kf6 49. Kb2 Qg1 50. c3 Kf7 51. a5 Qc5 52. Qb4 Qf2+ 53. Kb3 Ke6 54. Ka4 Kd5 55. Kb5 Qe2+ 56. c4+ Kd4 57. Qd6+ Kc3 58. Qf6+ Kb3 59. Qf7 Qd3 60. Qd5 Qf1 61. Ka6 Qf2 62. c5+ Kb4 63. c6 Qf4 64. Qb5+ Ka3 65. Qc5+ Ka4 66. c7 Qf6+ 67. Kxa7 Qf7 68. Qc6+ Kxa5 69. Ka8 1-0

[Event "Oberliga NRW 0001 II"]
[Site "NRW"]
[Date "2000.09.24"]
[Round "1.8"]
[White "Blasek, Ralph"]
[Black "Berndt, Axel"]
[Result "1-0"]
[WhiteElo "2296"]
[BlackElo "2125"]
[PlyCount "65"]
[EventDate "2000.09.24"]
[EventType "team-tourn"]
[EventRounds "9"]
[EventCountry "GER"]
[SourceTitle "EXT 2006"]
[Source "ChessBase"]
[SourceDate "2005.11.24"]
[SourceVersion "1"]
[SourceVersionDate "2005.11.24"]
[SourceQuality "1"]
[WhiteTeam "Solingen II"]
[BlackTeam "Duesseldorf"]
[WhiteTeamCountry "GER"]
[BlackTeamCountry "GER"]

1. e4 Nf6 2. e5 Nd5 3. Nc3 Nxc3 4. dxc3 d6 5. Bg5 dxe5 6. Qf3 c6 7. Bc4 f6 8. Rd1 Qc7 9. Ne2 Nd7 10. Be3 Nb6 11. Bxb6 axb6 12. b4 b5 13. Bb3 Bd7 14. Ng3 Qc8 15. h3 Be6 16. 0-0 Bxb3 17. axb3 g6 18. Ne4 Bg7 19. Nc5 Kf7 20. c4 bxc4 21. Qe2 b5 22. bxc4 Rd8 23. cxb5 cxb5 24. Qxb5 Kg8 25. Rd3 Rxd3 26. Qxd3 f5 27. c4 h6 28. Qd5+ Kh7 29. Qf7 Rb8 30. Ne6 Qg8 31. Qxe7 e4 32. b5 Kh8 33. Rd1 1-0

[Event "Oberliga NRW 9900 II"]
[Site "Germany"]
[Date "2000.01.19"]
[Round "4.8"]
[White "Blasek, Ralph"]
[Black "Petzold, Klaus"]
[Result "1-0"]
[WhiteElo "2315"]
[BlackElo "2285"]
[PlyCount "89"]
[EventDate "1999.10.26"]
[EventType "team-tourn"]
[EventRounds "9"]
[EventCountry "GER"]
[SourceTitle "EXT 2001"]
[Source "ChessBase"]
[SourceDate "2000.11.22"]
[SourceVersion "1"]
[SourceVersionDate "2000.11.22"]
[SourceQuality "1"]
[WhiteTeam "Solingen II"]
[BlackTeam "Aachen"]
[WhiteTeamCountry "GER"]
[BlackTeamCountry "GER"]

1. e4 c6 2. c4 d5 3. exd5 cxd5 4. cxd5 Nf6 5. Nc3 Nxd5 6. Nf3 Nc6 7. d4 e6 8. Bd3 Be7 9. 0-0 0-0 10. a3 Nf6 11. Bg5 b6 12. Qa4 Bb7 13. Rfd1 a6 14. d5 exd5 15. Qh4 g6 16. Re1 Ne4 17. Bxe4 dxe4 18. Nxe4 f6 19. Bh6 Rf7 20. Rad1 Qe8 21. Be3 Qf8 22. Bxb6 f5 23. Neg5 h6 24. Rxe7 hxg5 25. Rxf7 gxh4 26. Rxf8+ Rxf8 27. Nxh4 Ne5 28. Bc7 Nc4 29. Nxg6 Re8 30. Nf4 Nxb2 31. Rb1 Rc8 32. h4 Rxc7 33. Rxb2 Rc1+ 34. Kh2 Be4 35. f3 Bc6 36. Rb6 Bb5 37. a4 Bf1 38. Kg3 Rc4 39. h5 Kh7 40. Rxa6 Rc7 41. Rf6 Rc5 42. Kh4 Ra5 43. Kg5 Rxa4 44. Rf7+ Kg8 45. Rb7 1-0

[Event "Oberliga NRW 9798 I"]
[Site "Germany"]
[Date "1998.??.??"]
[Round "9.7"]
[White "Blasek, Ralph"]
[Black "Weiermann, Andreas"]
[Result "1/2-1/2"]
[WhiteElo "2170"]
[BlackElo "2260"]
[PlyCount "70"]
[EventDate "1997.10.??"]
[EventType "team-tourn"]
[EventRounds "9"]
[EventCountry "GER"]
[SourceTitle "EXT 1999"]
[Source "ChessBase"]
[SourceDate "1998.11.16"]
[SourceVersion "1"]
[SourceVersionDate "1998.11.16"]
[SourceQuality "1"]
[WhiteTeam "Solingen II"]
[BlackTeam "Muenster II"]
[WhiteTeamCountry "GER"]
[BlackTeamCountry "GER"]

1. e4 g6 2. h4 h5 3. Nh3 d6 4. d4 Nf6 5. Nc3 c6 6. Ng5 Bg7 7. Bc4 0-0 8. Bb3 Qc7 9. Qe2 Nbd7 10. 0-0 c5 11. Be3 Ng4 12. Nd5 Qd8 13. Nxf7 Rxf7 14. Nf4 Nf8 15. Bxf7+ Kxf7 16. dxc5 dxc5 17. Rad1 Qc7 18. Rd5 b6 19. Rfd1 Bb7 20. Qc4 Ke8 21. R5d2 Bh6 22. g3 Ne5 23. Qe2 Bg7 24. Nd5 Bxd5 25. Rxd5 Nc6 26. c3 e6 27. Bf4 Be5 28. Bxe5 Nxe5 29. Rd6 Ke7 30. f4 Nf7 31. e5 Qb7 32. R6d2 Rd8 33. Rxd8 Nxd8 34. Qd3 Nf7 35. Kf2 a6 1/2-1/2

[Event "BL2-West 9293"]
[Site "Germany"]
[Date "1993.??.??"]
[Round "?.3"]
[White "Appel, Ralf"]
[Black "Blasek, Ralph"]
[Result "1-0"]
[WhiteElo "2385"]
[BlackElo "2345"]
[PlyCount "42"]
[EventDate "1992.10.??"]
[EventType "team-tourn"]
[EventRounds "9"]
[EventCountry "GER"]
[SourceTitle "GER-chT2"]
[Source "ChessBase"]
[SourceDate "1999.07.01"]
[SourceVersion "1"]
[SourceVersionDate "1999.07.01"]
[SourceQuality "1"]
[WhiteTeam "Castrop Rauxel"]
[BlackTeam "Enger Spenge"]
[WhiteTeamCountry "GER"]
[BlackTeamCountry "GER"]

1. d4 d5 2. Nf3 Bf5 3. c4 e6 4. Qb3 Nc6 5. Bd2 dxc4 6. Qxb7 Nge7 7. Qa6 Rb8 8. Bc3 Be4 9. Nbd2 Bd5 10. e4 Nb4 11. Bxb4 Rxb4 12. exd5 exd5 13. b3 Qd7 14. Be2 c3 15. Nf1 Rb6 16. Ne5 Qe6 17. Qa4+ Kd8 18. Ne3 f6 19. Nd3 Nc6 20. 0-0 Bd6 21. Bf3 Qf5 1-0

[Event "BL2-West 9293"]
[Site "Germany"]
[Date "1993.??.??"]
[Round "?.3"]
[White "Haakert, Juergen"]
[Black "Blasek, Ralph"]
[Result "1/2-1/2"]
[WhiteElo "2315"]
[BlackElo "2345"]
[PlyCount "209"]
[EventDate "1992.10.??"]
[EventType "team-tourn"]
[EventRounds "9"]
[EventCountry "GER"]
[SourceTitle "GER-chT2"]
[Source "ChessBase"]
[SourceDate "1999.07.01"]
[SourceVersion "1"]
[SourceVersionDate "1999.07.01"]
[SourceQuality "1"]
[WhiteTeam "Schoeneck"]
[BlackTeam "Enger Spenge"]
[WhiteTeamCountry "GER"]
[BlackTeamCountry "GER"]

1. Nf3 d5 2. g3 Bg4 3. Ne5 Be6 4. d4 Nf6 5. Bg2 g6 6. 0-0 Bg7 7. b3 Nbd7 8. Nd3 Bf5 9. Bb2 0-0 10. Nd2 a5 11. a4 Ne4 12. f3 Nxd2 13. Qxd2 Bxd3 14. Qxd3 c5 15. f4 Rc8 16. Bxd5 cxd4 17. e4 e6 18. Bc4 Nc5 19. Qf3 Qb6 20. Kg2 Qc6 21. e5 Ne4 22. Rad1 Rfd8 23. Bxd4 Bf8 24. Rfe1 Nc5 25. Qxc6 bxc6 26. Bc3 Rxd1 27. Rxd1 Ra8 28. Kf3 Be7 29. g4 h6 30. Ke3 Kf8 31. Be2 Ke8 32. Bf3 Ra6 33. Kd4 Nd7 34. Ke3 Bc5+ 35. Ke2 Kd8 36. h4 Kc7 37. Rh1 Be7 38. h5 g5 39. Bd2 Ra8 40. Rf1 gxf4 41. Bxf4 Bg5 42. Bg3 Kb6 43. Be4 f6 44. exf6 Nxf6 45. Bf3 e5 46. Rd1 Re8 47. Bf2+ Kc7 48. Be1 Kb6 49. c4 e4 50. Bg2 Nxg4 51. Rd4 Nf6 52. Bc3 Nxh5 53. c5+ Kxc5 54. Bxe4 Ng3+ 55. Kf3 Rxe4 56. Rxe4 Nxe4 57. Kxe4 Bd8 58. Be1 h5 59. Kf3 Bc7 60. Kg2 Kd4 61. b4 axb4 62. Bxb4 Kc4 63. Be1 Be5 64. Kh3 Bf6 65. Kg3 Kd5 66. Bb4 Bd8 67. Kh3 Kc4 68. Be1 Kc5 69. Bd2 Be7 70. Ba5 Kc4 71. Be1 Bd8 72. Kg3 Kc5 73. Kf4 Kb6 74. Ke5 Be7 75. Kf5 Ka6 76. Ke5 h4 77. Kf4 c5 78. Kg4 Bf6 79. Kh3 c4 80. Kg4 Kb6 81. Bb4 Bd8 82. Kh3 Ka6 83. Be1 Bf6 84. Kg4 Bd8 85. Kh3 Kb6 86. Bb4 Ka6 87. Be1 Kb7 88. Kg4 Kc6 89. Bb4 Kd5 90. Kh3 Ke6 91. Kg4 Kd5 92. Kh3 Kd4 93. Kg4 Kd5 94. Kh3 Kc6 95. Kg4 Kb6 96. Kh3 Ka6 97. Be1 Ba5 98. Bxh4 Bc3 99. Bd8 Bd2 100. Bf6 Ka5 101. Kg3 Kxa4 102. Kf3 Kb3 103. Ke2 Kc2 104. Be5 Bc3 105. Bg3 1/2-1/2